00366nam a2200157Ia 4500008004100000020001800041245003200059245001800091260001500109260001600124260000900140300001600149300002500165300001000190500000800200170705s9999 xx 000 0 und d a9780439334945 4aThe boy who lost his face / cLouis Sachar. aNew York : bScholastic, c1989 a198 pages : bcolor illustration ; c19cm. a570